000 00645nam a2200253Ia 4500
003 OSt
005 20221005122426.0
006 a|||||r|||| 00| 0
007 ta
008 221004b |||||||| |||| 00| 0 guj d
024 _a40914
037 _cTextual
040 _aCRL
_cCRL
_bguj
041 _2guj
_aguj
082 _aO156,3N092,6, K8
100 _aBharambhatt Phalad Au.
_9631963
245 0 _aJindgina 35
260 _c1968
300 _a278p.
_ccm.
650 _a GUJRATI LITERATURE
650 _aGUJRATI FICTION
942 _hO156,3N092,6, K8
_cTEXL
_2cc
999 _c1044254
_d1044254